000 00521nam a22001811a 4500
003 NEGST
005 20110718133545.0
008 030714s1993 001 0 eng d
020 _a9966401164
100 1 _aSociete Biblique au Rwanda.
245 1 0 _aBibliya Yera [Kinyarwanda Bible] /.
260 _aKigali :
_bSociete Biblique au Rwan,
_c1993.
300 _avi, 284p. : maps.
590 _aAccession number: 30508
600 1 0 _aKinyarwanda language - Texts.
600 1 0 _aBible. Kinyarwanda. 1993.
999 _c41568
_d41568